• 首页
  • 本馆介绍
  • 公告通知
  • 最新文献
  • 馆藏检索
  • 电子资源
  • 读者导购
  • 参考咨询
  • 我的图书馆
  • 登录
  • 详细信息显示
  • 放入我的书架
  • 预约/预借图书
  • 作者相关作品
  • 分类相关作品
  • 丛书相关作品
  • 出版社相关作品

书目信息

  • 表格格式
  • 工作单格式
  • 卡片格式
题名:
责任
    
 
作者: 王景平 著
分册:  
出版信息: 北京   人民日报出版社  2015
页数: 362页
开本: 24cm
丛书名: 中国党政干部文库丛书
单 册:
中图分类: B822.9
科图分类:
主题词: 责任感--研究
电子资源:
ISBN: 978-7-5115-3331-9
000 01089oam2 2200277 450
001 012001003792
005 20180926162819.84
010    @a978-7-5115-3331-9@dCNY50.00
100    @a20151126d2015 em y0chiy0110 ea
101 0  @achi
102    @aCN@b110000
105    @ay z 000yy
106    @ar
200 1  @a责任@9ze ren@e中西责任观之比较@f王景平著
205    @a2版
210    @a北京@c人民日报出版社@d2015
215    @a362页@d24cm
225 1  @a中国党政干部文库丛书
330    @a本书从个人岗位责任到企业社会责任展开探讨,运用马克思主义基本原理,对当今社会责任观进行深入剖析,阐释了责任之于岗位、家庭、国家和社会的重要性,并提出全球责任化的观点。同时,作者通过对责任观历史和现实的研究以及中美责任观之比较,从纵向和横向两个维度阐释了责权利统一在制度管理中的重要性,并对责任机制提出具有现实意义的见解。
461  0 @12001 @a中国党政干部文库丛书
517 1  @a中西责任观之比较@9zhong xi ze ren guan zhi bi jiao
606 0  @a责任感@x研究
690    @aB822.9@v5
701  0 @a王景平@9wang jing ping@4著
801  0 @aCN@b上海新华@c20180901
905    @b1165156-60@dB822.9@e1254=2@f5
    
    责任:中西责任观之比较/王景平著.-2版.-北京:人民日报出版社,2015
    362页;24cm.-(中国党政干部文库丛书)
    
    
    ISBN 978-7-5115-3331-9:CNY50.00
    本书从个人岗位责任到企业社会责任展开探讨,运用马克思主义基本原理,对当今社会责任观进行深入剖析,阐释了责任之于岗位、家庭、国家和社会的重要性,并提出全球责任化的观点。同时,作者通过对责任观历史和现实的研究以及中美责任观之比较,从纵向和横向两个维度阐释了责权利统一在制度管理中的重要性,并对责任机制提出具有现实意义的见解。
●
相关链接 在E读中查询图书 在五车中查询图书 在当当中查询图书 在豆瓣中查询图书


正题名:责任     索取号:B822.9/1254=2         预约/预借

序号 登录号 条形码 馆藏地/架位号 状态 备注
1 1165156   211651568   第一样本阅览室/ [索取号:B822.9/1254=2] 在馆    
2 1165157   211651577   第一借阅区/ [索取号:B822.9/1254=2] 在馆    
3 1165158   211651586   第一借阅区/ [索取号:B822.9/1254=2] 在馆    
4 1165159   211651595   第一借阅区/ [索取号:B822.9/1254=2] 在馆    
5 1165160   211651602   第一借阅区/ [索取号:B822.9/1254=2] 在馆    
唐山师范学院图书馆 欢迎您!
大连网信软件有限公司© 版权所有